000 00454nam a2200145Ia 4500
008 100122s9999 xx 000 0 und d
082 _b29875
_a823.08
100 _aक्षेत्रमाडे सुमती
245 _aसिंधुदुर्ग
260 _bकल्पतरु प्रकाशन
_c1980
300 _a156
630 _aसिंधुदुर्ग
730 _aसिंधुदुर्ग
942 _cBOOK
999 _c414960
_d414957